000 00437nam a2200181Ia 4500
003 GCL
008 140319s9999 xx 000 0 eng d
040 _aGCL /
_cGCL
082 0 4 _a111.85
_bC C
100 1 _aCOOPER,DAVID
245 1 0 _aA COMPANION TO AESTHETICS /
_cCOOPER,DAVID
260 _a[S.N] :
_bBLACKWELL ،
_c1995
300 _a466P
650 0 4 _aPHILOSOPHY
650 0 4 _aBEAUITY
650 0 4 _aAESTHETICS
942 _2ddc
_cBK
999 _c12262
_d12262